[Event "Edinburgh m"]
[Site "Edinburgh"]
[Date "1997.12.16"]
[Round "3"]
[White "Rowson, Jonathan"]
[Black "Hillarp Persson, Tiger"]
[Result "0-1"]
[WhiteElo "2490"]
[BlackElo "2445"]
[Annotator "Hecht,H"]
[PlyCount "100"]
[EventDate "1997.12.14"]
[EventType "match"]
[EventRounds "6"]
[EventCountry "SCO"]
[SourceTitle "CBM 063"]
[Source "ChessBase"]
[SourceDate "1998.03.26"]
[SourceVersion "1"]
[SourceVersionDate "1998.03.26"]
[SourceQuality "1"]

1. e4 c5 2. Nf3 e6 3. b3 Nc6 4. Bb2 a6 5. c4 Nf6 6. e5 $5 (6. d4 {Der Normalzug
}) 6... Ng4 7. h3 (7. Qe2 d6 8. exd6 Qxd6 9. Nc3 Nh6 10. Ne4 Qd8 11. d4 cxd4
12. O-O-O {1-0 Rowson,J-Hillarp Persson,T/Edinburgh m 1997 (1)/CBM 63 (39)})
7... Nh6 8. Bd3 (8. g4 Be7 9. Nc3 f5 10. exf6 Bxf6 11. g5 Bxc3 12. dxc3 Nf5 13.
Qd2 O-O 14. O-O-O b5 {0-1 Vukovic,Z-Rodic,D/JUG-ch 1992/EXT 92ch (27)}) 8...
Be7 9. O-O O-O 10. Be4 Kh8 11. Nc3 f6 12. exf6 Bxf6 13. Qb1 Nd4 14. Nxd4 Bxd4
15. Bxh7 d5 16. Nd1 e5 17. Bxd4 cxd4 18. cxd5 Bxh3 19. Be4 $1 (19. gxh3 Qg5+
20. Kh2 Ng4+ 21. Kh1 (21. hxg4 Qh4+ 22. Kg2 Qxg4+ 23. Kh2 Rf3 $19) 21... Rf3
$19) 19... Qg5 20. Qd3 Rf4 21. Qxh3 Rxe4 22. f4 Rxf4 23. Rxf4 Qxf4 24. Nf2 Qxd2
25. Ne4 Qe2 26. Ng5 Qg4 27. Nf7+ Kh7 28. Qd3+ Qf5 29. Nxe5 Qxd3 30. Nxd3 Rd8
31. Nf4 g5 32. Ne6 Rxd5 33. Rd1 d3 34. b4 Ng4 35. Nc5 d2 36. Ne4 Re5 {[#]
Entweder Springeropfer mit unzureichender Kompensation oder nach Nehmen von d2
Verlust durch Zugzwang. Taktische Mittel: Fesselung, Zugzwang, Springergabel.}
37. Nxg5+ (37. Nxd2 Rd5 38. a4 b5 39. axb5 axb5 40. g3 Kg6 $22 {[%cal Rg4f2,
Rg4e3,Rd5d2]}) 37... Rxg5 38. Rxd2 Rg7 39. a4 Kg6 40. Kf1 Kf5 41. b5 axb5 42.
Rd5+ Ke4 43. Rxb5 Ne3+ 44. Ke1 Nxg2+ 45. Kd2 Kd4 46. Rb4+ Kc5 47. Re4 Kb6 48.
Ke2 Rf7 49. Re5 Nf4+ 50. Ke3 Re7 (50... Re7 51. Kxf4 Rxe5 52. Kxe5 Ka5 53. Kd4
Kxa4 54. Kc3 b5 55. Kb2 Kb4 $19) 0-1

[Event "Tilburg"]
[Site "Tilburg"]
[Date "1993.??.??"]
[Round "1"]
[White "Dolmatov, Sergey"]
[Black "Zapata, Alonso"]
[Result "1-0"]
[WhiteElo "2630"]
[BlackElo "2555"]
[Annotator "Horn,Pe"]
[PlyCount "99"]
[EventDate "1993.11.??"]
[EventType "k.o."]
[EventRounds "7"]
[EventCountry "NED"]
[SourceTitle "CBM 039"]
[Source "ChessBase"]
[SourceDate "1994.04.01"]
[SourceVersion "1"]
[SourceVersionDate "1994.04.01"]
[SourceQuality "1"]

1. e4 c5 2. Nf3 e6 3. d3 d5 4. Nbd2 Nc6 5. g3 g6 6. Bg2 Bg7 7. O-O a5 8. Re1
Nge7 9. Nf1 a4 10. e5 {Having cleared c1-h6, counterplay with h6/g5 is no
longer available.} Qc7 11. Qe2 h6 12. h4 b5 $146 (12... a3 13. bxa3 Nd4 14.
Nxd4 cxd4 15. Nh2 Nc6 16. Ng4 Kf8 $13 {Kochiyev-Franke/Budapest/1988}) 13. N1h2
h5 14. c3 a3 15. bxa3 Ra4 16. Bb2 Ba6 17. Nf1 Nc8 18. Qe3 Bf8 (18... Qb6 19.
N1d2) 19. N1d2 Nb6 20. Ng5 Ne7 21. Rad1 Nf5 22. Qe2 Bh6 23. Ngf3 O-O 24. Nb1
Bg7 (24... b4 $2 25. axb4 cxb4 26. cxb4 Rxa2 $4 (26... Rxb4 27. Ba3 $18) 27.
Nc3 $18) 25. Bc1 Bb7 26. Nbd2 Rfa8 27. Nb3 Nd7 28. Bb2 Qb6 29. Na1 $5 {/\ Nc2}
b4 $6 30. c4 $1 (30. cxb4 cxb4 31. axb4 Rxa2 $132) 30... bxa3 31. Bc3 Qc7 (
31... d4 32. Rb1 Qc7 33. Bd2) 32. Nb3 Nb6 (32... d4 33. Bd2 $16) 33. cxd5 Nxd5
(33... Bxd5 $5 34. Nfd2 Bxg2 35. Kxg2 Qc6+ $14) 34. Ba1 {/\ Rc1 ><c5} Qb6 35.
Rc1 Rc8 36. Nbd2 {/\ Nc4/Ne4} Ba6 37. Nc4 Qa7 38. Ng5 Rd8 (38... Rb8 $2 39.
Bxd5 exd5 40. e6 dxc4 41. exf7+ Kh8 42. Qe8+ $18) 39. Ne4 Nb4 40. Red1 $16 Nc6
$2 {probably time-trouble} 41. Nf6+ $18 Bxf6 42. Bxc6 Bxc4 43. dxc4 Ra6 44. Bb5
Be7 45. Rxd8+ Bxd8 46. Bxa6 Qxa6 47. Rb1 Ba5 48. Rb8+ Kg7 49. Qe4 Bb4 50. Qd3
1-0

[Event "HUN-chT2 9495"]
[Site "Hungary"]
[Date "1995.??.??"]
[Round "?"]
[White "Jevtic, Miodrag"]
[Black "Prokopisin, Vasily"]
[Result "1-0"]
[WhiteElo "2370"]
[BlackElo "2350"]
[Annotator "Horvath,Ta"]
[PlyCount "33"]
[EventDate "1994.??.??"]
[EventType "team"]
[EventRounds "13"]
[EventCountry "HUN"]
[SourceTitle "EXT 1999"]
[Source "ChessBase"]
[SourceDate "1998.11.16"]
[SourceVersion "1"]
[SourceVersionDate "1998.11.16"]
[SourceQuality "1"]

1. e4 c5 2. Nf3 e6 3. d4 cxd4 4. Nxd4 Nf6 5. Nc3 Bb4 6. e5 Ne4 (6... Qa5 $2 7.
exf6 Bxc3+ 8. bxc3 Qxc3+ 9. Qd2 Qxa1 10. c3 $1 Qb1 11. Bd3 Qb6 12. Ba3 $1 (12.
fxg7 $5 Rg8 13. Qh6 Qc5 14. Bxh7 Qe5+ 15. Be3 Qxg7 $14) 12... gxf6 (12... Qa5
13. Nb5 a6 14. Bb4 $18) 13. Nb5 $18 {Oskam-Muhring/Nederland/1933}) (6... Nd5
7. Bd2 Nxc3 8. bxc3 Be7 9. Qg4 O-O 10. Bh6 g6 11. h4 $1 (11. Bxf8 Bxf8 12. Qg3
Bg7 13. f4 d6 14. Rd1 $14 {Van der Wiel-Bosch /Niederland/1994}) (11. Bd3 Re8
12. Nb5 Nc6 13. Qg3 Qa5 14. O-O a6 15. Nd6 $16 {Hazai-Plachetka/Kecskemet/1983}
) 11... d6 12. h5 Qa5 13. Nb5 a6 14. hxg6 fxg6 15. Bxf8 $16 {Pinkas-Trefny/CZE/
1993}) 7. Qg4 Nxc3 (7... Qa5 8. Qxg7 (8. Qxe4 $16) 8... Bxc3+ 9. bxc3 Qxc3+ 10.
Ke2 b6 11. Qxh8+ Ke7 12. Ba3+ $1 $18) 8. Qxg7 Rf8 9. a3 (9. bxc3 $2 Bxc3+ 10.
Bd2 Bxd4 11. Bb4 Bc5 $1 {0:1Kereszturi-Almasi,I/HUN/1992/}) 9... Nb5+ (9... Ba5
10. Bh6 Qe7 11. Bd2 $16) (9... Qa5 10. Nb3 $14) 10. axb4 Nxd4 11. Bg5 Qb6 12.
Bd3 {'!' Horvath,Ta.} (12. Bh6 Qxb4+ 13. c3 Nf5 14. cxb4 Nxg7 15. Bxg7 Rg8 16.
Bf6 $16) 12... Nf5 13. Bxf5 exf5 14. O-O-O Qg6 15. e6 {'!!' Horvath,Ta.} d6 16.
Rxd6 f6 17. Rd8+ {'!' Horvath,Ta.} 1-0

[Event "San Roque"]
[Site "San Roque"]
[Date "1996.??.??"]
[Round "1"]
[White "Ehlvest, Jaan"]
[Black "Sion Castro, Marcelino"]
[Result "1/2-1/2"]
[WhiteElo "2660"]
[BlackElo "2400"]
[Annotator "Horvath,Ta"]
[PlyCount "51"]
[EventDate "1996.02.??"]
[EventType "tourn"]
[EventRounds "9"]
[EventCountry "ESP"]
[EventCategory "11"]
[SourceTitle "CBM 057"]
[Source "ChessBase"]
[SourceDate "1997.04.01"]
[SourceVersion "1"]
[SourceVersionDate "1997.04.01"]
[SourceQuality "1"]

1. e4 c5 2. Nf3 e6 3. d3 Nc6 4. g3 Nge7 5. Bg2 g6 6. d4 cxd4 7. Nxd4 Bg7 8.
Nxc6 (8. Be3 $6 d5 9. Nc3 $2 (9. Nxc6 Nxc6 10. exd5 exd5 11. c3 d4 $10 {
Komliakov-Rublevsky/Kurgan/1995}) 9... Bxd4 $1 10. Bxd4 e5 11. Bc5 d4 12. Bxe7
$140 Nxe7 $15 {Bronstein-Ree/CBM43}) 8... Nxc6 $5 (8... bxc6 9. Qd6 $1 Ba6 10.
Nc3 Qb6 11. Qa3 $1 Bd4 12. Nd1 {/\ c3,b4,Be3+/- Morozewich-Ree/CBM/44}) 9. O-O
O-O 10. Nc3 d6 11. Be3 Rb8 12. a4 a6 13. Qe2 b5 $1 14. axb5 axb5 15. Nxb5 Bxb2
$13 16. Rad1 Ba6 17. c4 Ne5 18. Qxb2 (18. Rxd6 Qc8 19. Qxb2 Nxc4 20. Qd4 Nxe3
$10) 18... Nxc4 19. Qa1 Nxe3 20. Qxa6 Nxd1 21. Rxd1 Rb6 22. Qa5 Qb8 23. Bf1 Rc8
24. Na3 Rb4 25. Nb5 Rxe4 26. Nxd6 (26. Nxd6 {Einzige Zug ist:} Rd8 27. Nxe4
Rxd1 28. Qc3 e5 $13) 1/2-1/2

[Event "Linares-03"]
[Site "Linares"]
[Date "1981.01.25"]
[Round "7"]
[White "Spassky, Boris Vasilievich"]
[Black "Quinteros, Miguel Angel"]
[Result "1/2-1/2"]
[WhiteElo "2635"]
[BlackElo "2505"]
[Annotator "Kharitonov,A"]
[PlyCount "80"]
[EventDate "1981.01.17"]
[EventType "tourn"]
[EventRounds "11"]
[EventCountry "ESP"]
[EventCategory "13"]
[SourceTitle "MCL"]
[Source "ChessBase"]
[SourceDate "1999.07.01"]
[SourceVersion "1"]
[SourceVersionDate "1999.07.01"]
[SourceQuality "1"]

1. e4 c5 2. b3 Nc6 (2... d6 3. Bb5+ Bd7 4. c4 Bxb5 5. cxb5 a6 6. Nc3 Nf6 7. Nf3
g6 8. Bb2 axb5 9. Nxb5 Bg7 10. O-O O-O 11. Qe2 e5 $13 {Lein,A-Polugaevsky,L/
Buenos Aires(ol)/1978/0:1(40)/}) 3. Bb2 Nf6 (3... e5 $5) (3... e6 4. Nf3 d5 (
4... a6 $5 5. Be2 Nf6 6. e5 Nd5 7. O-O Be7 8. Nc3 Nf4 9. Ne4 Qc7 $13 {Short,
N-Portish,L/London/1982/0:1 (26)/}) 5. Bb5 Nf6 6. e5 Nd7 7. Bxc6 bxc6 8. d3 Be7
9. O-O O-O 10. Re1 $14 {Spassky,B-Giardelli,S/Buenos Aires(ol)/1978/1:0 (39)/})
4. e5 Nd5 5. Nf3 e6 6. Nc3 (6. Bb5 Be7 7. O-O O-O 8. Bxc6 bxc6 9. d3 f6 10. Nc3
fxe5 11. Nxe5 Qe8 $13 {Spassky,B-Hernandez,R/Buenos Aires(ol)/1978/1:0 (38)/})
6... Nxc3 7. Bxc3 Qc7 (7... b6 8. Bd3 Bb7 9. Qe2 Qc7 10. h4 Ne7 11. Bb2 Nd5 12.
g3 Nb4 13. Be4 h6 14. a3 Bxe4 15. Qxe4 Qc6 $10 {Matanovic/}) (7... Be7 8. Bd3
b6 9. Qe2 Bb7 10. h4 Qc7 11. Rh3 g6 12. Ng5 Nd4 13. Bxd4 cxd4 14. f4 $13 {
Schweber,S-Mecking,E/Buenos Aires/1970/0:1 (38) Inf 10/395/}) 8. Bd3 g6 (8...
b6 9. Qe2 Bb7 $10) 9. Qe2 Bg7 10. h4 h6 11. Rh3 (11. h5 g5 $13) 11... b6 12.
Rg3 Bb7 13. Rg4 (13. O-O-O Ne7 $13) 13... Ne7 14. Be4 Nd5 (14... Bxe4 15. Qxe4
Qc6 $10) 15. Bb2 h5 $1 16. Rg3 Nf4 17. Qe3 Nd5 18. Bxd5 (18. Qd3 Nf4 19. Qe3
$10 (19. Qc4 b5 $19)) 18... Bxd5 $13 19. Ng5 O-O 20. d3 d6 21. f4 (21. exd6
Qxd6 22. Bxg7 Kxg7 {/\e5-/+/}) 21... b5 22. O-O-O c4 $5 23. dxc4 bxc4 24. exd6
Bxb2+ (24... Qxd6 $2 25. Bxg7 Kxg7 26. bxc4 $18) 25. Kxb2 Qxd6 26. Ne4 (26.
bxc4 Qb4+ 27. Qb3 Qxc4 28. Qxc4 Bxc4 $10) 26... Qe7 27. Nc3 Qf6 $1 $8 (27...
Bc6 28. f5 $1 $16) 28. Qd4 (28. Rg5 cxb3 29. axb3 Rfd8 30. Qd4 Qxd4 31. Rxd4
Bc6 $13) 28... Qxh4 $1 29. Nxd5 exd5 (29... Qxg3 $2 30. Nf6+ $18) 30. Rg5 Rae8
31. Qf6 (31. Rxd5 cxb3 32. axb3 Re2 33. Rd2 $10) 31... c3+ $5 32. Ka3 (32. Qxc3
Qxf4 33. Rgxd5 $13) (32. Kxc3 Rc8+ 33. Kb2 Qf2 $13) 32... Kh7 (32... Qf2 $5)
33. Rdxd5 Qh1 34. Ka4 (34. f5 Qc1+ 35. Ka4 Re4+ 36. Kb5 Rb8+ $19) (34. Qxc3
Qc1+ 35. Qb2 Qxf4 $15) 34... Re6 35. Qxc3 Re4+ 36. Rd4 Rc8 $1 37. Qxc8 (37. Qd3
Rxd4+ 38. Qxd4 Rxc2 $17) 37... Rxd4+ 38. c4 Qb1 39. a3 Rxf4 40. Rd5 Qb2 (40...
Qb2 41. Rd7 Qxg2 42. Rxa7 h4 43. Ra8 Kh6 $17) (40... Qb2 41. Rd8 $13) 1/2-1/2

[Event "Linares-03"]
[Site "Linares"]
[Date "1981.01.21"]
[Round "4"]
[White "Kavalek, Lubomir"]
[Black "Bellon Lopez, Juan Manuel"]
[Result "1-0"]
[WhiteElo "2550"]
[BlackElo "2415"]
[Annotator "Kharitonov,A"]
[PlyCount "119"]
[EventDate "1981.01.17"]
[EventType "tourn"]
[EventRounds "11"]
[EventCountry "ESP"]
[EventCategory "13"]
[SourceTitle "MCL"]
[Source "ChessBase"]
[SourceDate "1999.07.01"]
[SourceVersion "1"]
[SourceVersionDate "1999.07.01"]
[SourceQuality "1"]

1. Nf3 c5 2. e4 e6 3. d3 b6 $6 (3... Nc6 4. g3 g6 5. Bg2 Bg7 6. O-O Nge7 7. Re1
d6 8. c3 O-O 9. d4 cxd4 10. cxd4 d5 11. e5 $1 $14 {Fisher,R-Panno,O/Buenos
Aires/1970/1:0 (36)/}) (3... d5 4. Nbd2 Nc6 5. g3 Bd6 $5) 4. g3 Bb7 5. Bg2 d6 (
5... Nf6 6. O-O d5 7. e5 Nfd7 8. c4 $5) (5... d5 6. exd5 $5 exd5 7. O-O Bd6 8.
d4 $14) 6. O-O $6 g6 (6... Nf6) 7. Re1 Bg7 8. c3 Ne7 9. d4 cxd4 10. cxd4 O-O
11. Nc3 $16 d5 (11... Nbc6 12. d5 $5 exd5 13. exd5 Ne5 14. Bf4 Nxf3+ 15. Qxf3
$16) 12. e5 Qd7 13. h4 $1 Nbc6 14. Bf4 Ba6 (14... Na5 15. b3 Rac8 16. Qd2 $16)
15. Qd2 Rac8 (15... Nb4 16. Bf1 Bxf1 17. Rxf1 {/\h5+/-/}) 16. Nd1 $5 Na5 $6 (
16... f6 17. exf6 Bxf6 18. Ne3 Nf5 19. Nxf5 exf5 20. Ne5 Nxe5 21. Bxe5 $16) 17.
b3 Rc7 (17... Nf5 18. g4 $1 Ne7 19. Bh6 $16) 18. Bh6 Bxh6 (18... Rfc8 19. Bxg7
Kxg7 20. h5 $1 Rc2 21. Qf4 Ng8 22. Ne3 {/\Ng4->/}) 19. Qxh6 Nf5 20. Qf4 Qe7 21.
Bh3 Bd3 22. Bxf5 $5 Bxf5 (22... exf5 23. Qh6 f6 24. exf6 Qxf6 25. Ne5 Bb5 26.
Qf4 $16) 23. Ne3 Nc6 (23... Bd3 $2 24. Ng4 $40) 24. Nxf5 exf5 (24... gxf5 25.
Qh6 f6 26. exf6 Rxf6 27. Qf4 $16) 25. Qh6 $1 Nd8 (25... f6 26. exf6 Qxf6 27.
Rac1 $16) 26. Ng5 f6 27. exf6 Qxf6 28. Rac1 $1 Rd7 29. Re5 Qg7 30. Qxg7+ Kxg7
31. Kg2 $16 Rf6 (31... h6 32. Nh3 Nf7 33. Re6 Nd8 34. Nf4 $1 Nxe6 35. Nxe6+ Kf7
36. Nxf8 Kxf8 37. Rc6 Kg7 38. Kf3 g5 (38... Re7 39. Rd6 $18) 39. h5 $18) 32.
Rc8 Rc6 (32... h6 33. Rxd8 $5 Rxd8 34. Ne6+ Rxe6 35. Rxe6 $16) 33. Ra8 $16 h6
34. Nf3 (34. Rxd8 $5 Rxd8 35. Ne6+ Rxe6 36. Rxe6) 34... Ne6 (34... Rf6 35. Re8
Nf7 36. Ne5 Nxe5 37. dxe5 Rc6 38. Rg8+ Kf7 39. Raf8+ Ke7 40. h5 gxh5 41. Rxf5
d4 42. Rg7+ Ke6 43. Rxd7 Kxd7 (43... Kxf5 44. Rxd4 Kxe5 45. Rh4 $18) 44. Rf4
Ke6 45. Rf6+ Kd5 46. Rxc6 Kxc6 47. f4 $18) 35. h5 $5 Kf6 (35... Ng5 36. Nh4 $18
) 36. hxg6 Rc2 (36... Kxg6 37. Nh4+ $18) 37. Re8 $1 Ng7 38. Rf8+ Kxg6 39. Nh4+
Kh7 40. a4 Rd2 (40... Rb2 41. Re3) 41. Nxf5 Nxf5 42. Rfxf5 Rxd4 43. Re6 Rb4 (
43... Rg7 44. Rff6) 44. Rh5 Kg8 45. Rexh6 Rxb3 46. Rh8+ Kf7 47. R8h7+ Ke8 48.
Rxd7 Kxd7 49. Rxd5+ Kc6 50. Rd2 Rb4 51. f4 Rxa4 52. f5 Ra5 53. g4 Rd5 54. Re2
$1 Kd7 55. Kg3 (55. f6 $6 Rd6 56. g5 Rd5) 55... a5 56. f6 Rd1 57. g5 Rf1 58.
Kg4 a4 59. Re7+ Kd6 60. Ra7 (60. Ra7 b5 61. f7 Ke6 62. g6 Rg1+ 63. Kh5 Rh1+ 64.
Kg5 Rg1+ 65. Kh6 $18) 1-0

[Event "Petrov Memorial op"]
[Site "St Petersburg"]
[Date "2000.02.12"]
[Round "5"]
[White "Kabanov, Nikolai"]
[Black "Yagupov, Igor"]
[Result "1-0"]
[WhiteElo "2330"]
[BlackElo "2482"]
[Annotator "King,D"]
[PlyCount "69"]
[EventDate "2000.02.05"]
[EventType "swiss"]
[EventRounds "9"]
[EventCountry "RUS"]
[SourceTitle "CBM 076"]
[Source "ChessBase"]
[SourceDate "2000.05.31"]
[SourceVersion "1"]
[SourceVersionDate "2000.05.31"]
[SourceQuality "1"]

1. e4 c5 2. Nf3 e6 3. c4 Nc6 4. Nc3 e5 5. g3 d6 6. Bg2 f5 7. d3 Nf6 8. a3 Be7
9. Nd5 fxe4 10. dxe4 Bg4 11. h3 Bh5 12. g4 Bg6 13. Nh4 Nd4 14. Nxg6 hxg6 15.
Be3 O-O 16. O-O Nxd5 17. exd5 Bg5 18. Qd3 Qf6 19. Rad1 Bf4 20. b4 b6 21. Be4
Kf7 22. Rfe1 Rae8 23. bxc5 bxc5 24. Rb1 Rb8 25. Bxd4 cxd4 {After this, through
a simple pawn sacrifice, White creates a passed pawn pawn which decides the
game. However,} (25... exd4 26. Bxg6+ Qxg6 27. Re7+ {wasn't ideal.}) 26. Rxb8
Rxb8 27. Rb1 Rxb1+ 28. Qxb1 Bd2 29. c5 dxc5 30. d6 Qe6 31. Qb7+ Kf6 32. Qc7 Ba5
33. Qxa5 Qxd6 34. Qb5 Qc7 35. Qe8 1-0

[Event "CRO-ch"]
[Site "Slavonski Brod"]
[Date "1995.??.??"]
[Round "?"]
[White "Jukic, Branimir"]
[Black "Sulava, Nenad"]
[Result "0-1"]
[WhiteElo "2415"]
[BlackElo "2420"]
[Annotator "King,D"]
[PlyCount "100"]
[EventDate "1995.02.??"]
[EventType "tourn"]
[EventRounds "13"]
[EventCountry "CRO"]
[EventCategory "10"]
[SourceTitle "CBM 048"]
[Source "ChessBase"]
[SourceDate "1995.10.01"]
[SourceVersion "1"]
[SourceVersionDate "1995.10.01"]
[SourceQuality "1"]

1. e4 c5 2. Nf3 e6 3. d4 cxd4 4. Nxd4 Qb6 5. Nb3 Qc7 6. Nc3 a6 7. Be3 b5 8. Qd2
Nf6 9. f3 Nc6 10. O-O-O Ne5 11. Qd4 Rb8 12. Qa7 Bb7 13. Qb6 Qc8 14. Bf4 Ba8 15.
Qd4 d6 16. Bxe5 dxe5 17. Qxe5 Be7 18. Qg3 O-O 19. e5 Nd5 20. Nxd5 Bxd5 21. f4
Rd8 22. Bd3 a5 23. Rhf1 a4 24. f5 axb3 25. f6 Bf8 26. fxg7 Bxg7 27. axb3 Qc7
28. Rde1 Bxb3 29. Rf4 Rxd3 30. Qxd3 Bh6 31. Ref1 Qxe5 32. Qg3+ Kh8 33. cxb3 Rg8
34. Qc3 Qxc3+ 35. bxc3 Rxg2 36. Kd1 Bxf4 37. Rxf4 f5 38. h4 Kg7 39. Rb4 Rh2 40.
Rxb5 Rxh4 41. c4 f4 42. c5 f3 43. c6 $2 (43. Ke1 Rh2 44. Rb4 Rc2 45. Rf4 Rxc5
46. Rxf3 $15) 43... Rh1+ 44. Kd2 f2 45. Rb7+ Kf6 46. c7 f1=Q 47. c8=Q Qd1+ 48.
Ke3 Re1+ 49. Kf4 Qd4+ 50. Kf3 Re3+ 0-1

[Event "London WFW"]
[Site "London"]
[Date "1990.??.??"]
[Round "?"]
[White "Adams, Michael"]
[Black "Levitt, Jonathan"]
[Result "1-0"]
[WhiteElo "2555"]
[BlackElo "2465"]
[Annotator "Knaak,R"]
[PlyCount "99"]
[EventDate "1990.04.??"]
[EventType "tourn"]
[EventRounds "13"]
[EventCountry "ENG"]
[EventCategory "11"]
[SourceTitle "CBM 018"]
[Source "ChessBase"]
[SourceDate "1990.10.01"]
[SourceVersion "1"]
[SourceVersionDate "1990.10.01"]
[SourceQuality "1"]

1. e4 e6 2. d4 d5 3. Nd2 c5 4. Ngf3 cxd4 5. Nxd4 Nc6 6. Nxc6 bxc6 7. Bd3 Nf6 (
7... Qc7 8. O-O Bd6 9. Nf3 Nf6 10. Qe2 dxe4 11. Bxe4 Nxe4 12. Qxe4 Bb7 13. Rd1
c5 14. Qg4 O-O-O $13 {Smirin,I-Oll,L/URS-56ch/1989/0,5-0,5}) 8. O-O Be7 9. Re1
O-O {Vielleicht sollte man mittels 9...a5 noch die Rochade hinauszögern.} 10.
e5 Nd7 11. c3 Qc7 (11... f5 $5 12. exf6 Bxf6 13. Rxe6 Ne5 $2 (13... Nc5 14. Re3
$146) 14. Rxe5 Bxe5 15. Qh5 $18) 12. Nf3 f5 13. exf6 Bxf6 14. Ng5 Bxg5 15. Bxg5
$14 Nc5 16. Bc2 e5 17. Bh4 Bf5 18. Bg3 Rae8 19. c4 dxc4 20. Bxf5 Rxf5 21. Qc2
Qf7 22. Rad1 e4 23. Rd4 e3 24. Qxc4 exf2+ 25. Bxf2 Ne6 26. Rd2 h5 27. Qxc6 Kh7
28. Rde2 Rf8 29. Qxe6 Qxe6 30. Rxe6 Rxf2 31. R6e2 Rxe2 32. Rxe2 Rc8 33. Kf2 Rc1
34. Ke3 Kh6 35. g3 Kg5 36. Kd3 Rh1 37. b4 Kg4 38. b5 g5 39. Kc4 Rc1+ 40. Kb4
Rb1+ 41. Ka5 h4 42. gxh4 gxh4 43. a4 h3 44. Re7 Rb2 45. Rxa7 Rxh2 46. Rg7+ Kf4
47. Rh7 Ke5 48. Kb6 Kd5 49. a5 Rg2 50. Rxh3 1-0

[Event "USA-ch GpA"]
[Site "San Diego"]
[Date "2006.03.10"]
[Round "8"]
[White "Schneider, Dmitry"]
[Black "Stripunsky, Alexander"]
[Result "0-1"]
[WhiteElo "2486"]
[BlackElo "2564"]
[Annotator "Kritz,L"]
[PlyCount "126"]
[EventDate "2006.03.02"]
[EventType "swiss"]
[EventRounds "9"]
[EventCountry "USA"]
[SourceTitle "CBM 112"]
[Source "ChessBase"]
[SourceDate "2006.06.07"]
[SourceVersion "1"]
[SourceVersionDate "2006.06.07"]
[SourceQuality "1"]

1. e4 c5 2. Nf3 e6 3. Nc3 a6 4. g3 (4. d4 cxd4 5. Nxd4 {führt zu den
gewöhnlichen Varianten}) 4... b5 (4... d6 {ist die sicherere Fortsetzung.} 5.
Bg2 Nc6 6. O-O Nf6 {Mit der Entwicklung des Läufers sollte man besser abwarten.
} 7. d4 (7. d3 g6 $5 8. Be3 Bg7 9. Qd2 (9. d4 $5 {Zwar mit Tempoverlust, aber
trotzdem ideenreich.} cxd4 10. Nxd4 O-O 11. h3 Qc7 12. Qd2 Rd8 $132 {und es
wird Weiß nicht leicht fallen, die Schwäche d6 auszunutzen.}) 9... O-O 10. Bh6
Rb8 (10... b5 11. Bxg7 Kxg7 12. e5 Nd5 (12... dxe5 13. Nxe5 Nxe5 14. Bxa8 $18)
13. Ne4 $1 dxe5 14. Nxc5 $14) 11. Bxg7 Kxg7 12. Nh4 b5 13. f4 b4 14. Ne2 Bb7
$132) 7... cxd4 8. Nxd4 Bd7 $1 (8... Be7 $6 {Dies gibt Weiß zusätzliche
Möglichkeiten:} 9. Nxc6 $1 bxc6 10. e5 Nd5 (10... dxe5 11. Bxc6+ Bd7 12. Bxa8
Qxa8 13. Qe2 $16) 11. Qg4 $1 $14) 9. Be3 Be7 $11 {und man geht in die Rauser
Variante mit g3 über.}) 5. Bg2 Bb7 6. d3 d6 7. O-O Be7 $1 {Das ist stärker als}
(7... Nf6 {wonach Weiß mittels} 8. Ng5 {zum Vorteil kommt} h6 (8... Be7 9. f4
Nc6 10. a4 b4 11. Nb1 O-O 12. Be3 $14) 9. Nh3 Be7 10. f4 Nc6 11. Be3 O-O 12. a4
b4 13. Nb1 $14) (7... Nd7 {gilt als Hauptzug, ist aber nicht stärker als die
Partiefortsetzung.} 8. Qe2 Be7 (8... Ngf6 9. Ng5 h6 10. Nh3 Be7 11. f4 $14) 9.
Ne1 Ngf6 10. f4 $14) 8. e5 $6 {Dieser Zug wird zwar am meisten gespielt in
dieser Stellung, kann aber trotzdem nicht der beste sein. Die danach folgenden
Vereinfachungen helfen Schwarz, schnellen Ausgleich zu erreichen.} (8. Ne1 $5
Nf6 9. f4 $132 {sieht logischer aus.}) 8... dxe5 9. Nxe5 Bxg2 10. Kxg2 Nd7 11.
Nxd7 (11. Nc6 Qb6 12. Nxe7 Nxe7 13. a4 O-O $11) 11... Qxd7 12. Qf3 (12. Qg4
Qc6+ 13. Qe4 (13. Kg1 h5 $1 14. Qe2 (14. Qxg7 $4 Bf6 $19) 14... h4 $13) 13...
Qxe4+ 14. dxe4 (14. Nxe4 Nf6 15. Nxf6+ Bxf6 16. a4 b4 17. Rb1 Bd4 $11) 14...
Nf6 15. e5 Nd5 16. Ne4 O-O-O $1 $11) 12... Rc8 13. a4 b4 (13... Nf6 $5 14. axb5
axb5 15. Ra5 b4 16. Ne4 b3 $1 17. cxb3 O-O $44 {Für den geopferten Bauern hat
Schwarz sehr gutes Spiel auf den offenen Linien "b" und "d".}) 14. Ne4 Nf6 15.
Bf4 (15. Nd2 $5 O-O 16. Nc4 Nd5 (16... b3 $4 17. Nb6 $18) 17. b3 Bf6 18. Bb2
Bxb2 19. Nxb2 e5 20. Rae1 f6 21. Nc4 $11) 15... O-O 16. b3 Nxe4 17. Qxe4 Bf6
$11 {Der schwarze Läufer strebt nach d4 und muss daher getauscht werden, d.h.
Weiß hat aus der Eröffnung gar nichts rausgeholt.} 18. Be5 Bxe5 19. Qxe5 Qd5+
20. Qxd5 exd5 21. Rfe1 Rfe8 22. Kf1 g5 23. h3 Re6 24. Re2 Kg7 25. Rae1 Kf6 26.
Re3 Rce8 27. Rf3+ Kg6 28. Rfe3 Rxe3 29. fxe3 f5 30. g4 Re5 31. gxf5+ Rxf5+ 32.
Kg2 h5 33. Re2 Re5 34. Kf3 Re6 35. Kg2 a5 36. Kf3 Re7 37. Re1 Re8 38. Re2 Re6
39. Re1 Rf6+ 40. Kg2 Rc6 41. Kf3 Kf6 42. Re2 Ke5 43. Rg2 Kf5 44. e4+ dxe4+ 45.
dxe4+ Kg6 46. Rd2 c4 47. Rd5 cxb3 48. cxb3 Rc3+ 49. Kg2 Rxb3 50. Rxa5 Rb2+ 51.
Kf3 h4 52. Ra6+ Kh5 53. Ra8 Rh2 54. Rh8+ Kg6 55. Rg8+ Kf6 56. Kg4 Rg2+ 57. Kh5
g4 58. a5 gxh3 59. Rf8+ Ke7 60. Rf1 h2 61. Rh1 b3 62. a6 Ra2 63. a7 b2 0-1